000 00769cam a2200253u 4500
001 21053
003 BD-RjUL
005 20211209000637.0
008 140303r19651954enka 001 0 eng
035 _a(BD-RjUL)21116
040 _aDLC
_cCarP
_dDLC
_dBD-RjUL
_beng
041 _aeng
082 _220
_a542
_bVOT 1965
100 1 _aVogel, Arthur I.
_q(Israel)
_965062
245 0 2 _aA text-book of macro and semimicro qualitative inorganic analysis /
_cArthur I. Vogel.
250 _a4th ed.
260 _aLondon ;
_aNew York :
_bLongmans,
_c1965.
300 _axv, 663 p. :
_bill. ;
_c23 cm.
504 _aIncludes index.
650 0 _aChemistry, Analytic
_xQualitative.
_965063
650 0 _aChemistry, Inorganic.
_965064
942 _2ddc
_cBK
999 _c21053
_d21053